Porovnanie úverových produktov komerčných bánk a nebankových spoločností bakalárska práca

Enregistré dans:
Détails bibliographiques
Auteur principal: Kubričanová, Martina
Collectivité auteur: Národohospodárska fakulta EU. Katedra bankovníctva a medzinárodných financií
Autres auteurs: Bratková, Nina
Format: Livre
Langue:slovaque
Publié: Bratislava 2012
Tags: Ajouter un tag
Pas de tags, Soyez le premier à ajouter un tag!

MARC

LEADER 00000nbm a2200000 4500
001 0155813
005 20161109111918.4
041 0 |a slo 
044 |a SK 
245 1 0 |a Porovnanie úverových produktov komerčných bánk a nebankových spoločností  |b bakalárska práca  |c Martina Kubričanová ; školiteľ: Nina Bratková 
264 1 |a Bratislava  |c 2012 
300 |a 45 s. 
100 1 |a Kubričanová, Martina 
700 1 |a Bratková, Nina 
710 2 |a Národohospodárska fakulta EU. Katedra bankovníctva a medzinárodných financií